Handbook of translation studies
Includes bibliographical references and index
Salvato in:
| Autore principale: | |
|---|---|
| Altri autori: | |
| Natura: | Libro |
| Lingua: | Undetermined |
| Pubblicazione: |
Oxford
Oxford University Press
2011
|
| Soggetti: | |
| Accesso online: | http://lrc.tdmu.edu.vn/opac/search/detail.asp?aID=2&ID=35729 |
| Tags: |
Aggiungi Tag
Nessun Tag, puoi essere il primo ad aggiungerne! !
|
| Thư viện lưu trữ: | Trung tâm Học liệu Trường Đại học Thủ Dầu Một |
|---|
| LEADER | 00678nam a2200205Ia 4500 | ||
|---|---|---|---|
| 001 | TDMU_35729 | ||
| 008 | 210410s9999 xx 000 0 und d | ||
| 082 | |a 338.926 | ||
| 090 | |b M103 | ||
| 100 | |a Malmkjær, Kirsten | ||
| 245 | 0 | |a Handbook of translation studies | |
| 260 | |a Oxford | ||
| 260 | |b Oxford University Press | ||
| 260 | |c 2011 | ||
| 300 | |a xiv, 149 p. | ||
| 520 | |a Includes bibliographical references and index | ||
| 650 | |a Translating and interpreting; Dịch và phiên dịch | ||
| 700 | |a Windle, Kevin | ||
| 856 | |u http://lrc.tdmu.edu.vn/opac/search/detail.asp?aID=2&ID=35729 | ||
| 980 | |a Trung tâm Học liệu Trường Đại học Thủ Dầu Một | ||